| 000 | 01430 a2200313 4500 | ||
|---|---|---|---|
| 001 | 27120 | ||
| 005 | 20260407155548.0 | ||
| 008 | 260407a2011 arg spa d | ||
| 003 | AR-UNSa-BCEJYS | ||
| 040 |
_aAR-UNSa-BCEJYS _bspa _cAR-UNSa-BCEJYS |
||
| 080 |
_a336.5 _xGasto público. Gastos del estado |
||
| 245 | 1 | 0 | _aEl impacto redistributivo del gasto público social dirigido a la niñez en la Provincia de Salta |
| 020 | _a987-25436-0-0 | ||
| 264 | 1 |
_aSalta : _bArtes Gráficas Crivelli _c2011 |
|
| 300 |
_a75 p. _c30 cm. |
||
| 505 | _a1. Introducción - 2. Antecedentes de estudios similares - 3. Políticas públicas dirigidas a la niñez y a la adolescencia en Salta - 4. Datos y metodología - 5. Resultados - 6. Conclusiones | ||
| 942 | _cBK | ||
| 590 | _aniveau_biblio:m niveau_hierar:0 | ||
| 100 | 1 | _aPaz, Jorge Augusto | |
| 700 | 1 | _aJimenéz, Maribel | |
| 700 | 1 | _aCasanova, Luis | |
| 700 | 1 | _aHarriague, Marcela | |
| 700 | 1 | _aUniversidad Nacional de Salta. Facultad de Ciencias Económicas, Jurídicas y Sociales. Instituto de Estudios Laborales y del Desarrollo Económico (IELDE) | |
| 700 | 1 | _aUNICEF | |
| 700 | 1 | _aIbarra, Pedro Marcelo | |
| 700 | 1 | _aSant, Marcos | |
| 700 | 1 | _aFundación Arcor | |
| 856 | 4 | 1 |
_uhttps://biblioeco.unsa.edu.ar/pmb/images/libros/El impacto redistribucion del Gasto Publico Social dirigido a la ninez en la provincia de Salta-l118571.jpg _yImagen de portada _qimage/jpeg |
| 999 |
_c1545 _d1545 |
||